Top 30 Ballon d'Or 2025 - Statistiques

Statistiques générales
  • Ce quiz a été pris 324 fois
  • Le résultat moyen est 20 sur 30
Statistiques - réponses
Place Joueur % Correct
Vainqueur Ousmane Dembélé
100%
2 Lamine Yamal
99%
7 Kylian Mbappé
94%
3 Vitinha
93%
6 Achraf Hakimi
92%
9 Gianluigi Donnarumma
89%
10 Nuno Mendes
86%
5 Raphinha
86%
4 Mohamed Salah
83%
11 Pedri
82%
8 Cole Palmer
78%
19 Joao Neves
78%
16 Vinicius Jr
78%
14 Désiré Doué
75%
30 Michael Olise
72%
26 Erling Haaland
71%
24 Fabian Ruiz
69%
13 Harry Kane
64%
23 Jude Bellingham
61%
20 Lautaro Martinez
54%
28 Virgil Van Dijk
52%
17 Robert Lewandowski
51%
12 Khvicha Kvaratskhelia
45%
18 Scott McTominay
44%
27 Declan Rice
38%
15 Viktor Gyokeres
35%
21 Serhou Guirassy
33%
29 Florian Wirtz
28%
25 Denzel Dumfries
26%
22 Alexis Mac Allister
25%
Aucun quiz correspondant
Distribution des résultats
% des personnes avec chaque résultat
Percentile par nombre de réponses
Votre historique - résultats
Vous n’avez pas pris ce quiz